000 00476 a2200157 4500
999 _c5296
_d5296
020 _a9780192880932
050 _aP 306 STE 1998
100 _aSteiner, George
_eauthor
245 _aAfter Babel :
_baspects of language and translation /
_cGeorge Steiner
250 _a3rd ed.
264 _aNew York:
_bOxford University Press,
_c1998
300 _axviii, 538p. :
500 _aIncludes index
650 _aTranslating and interpreting
942 _2lcc
_cBK
_e3rd ed.
_h306
_iSTE
_kP